[Event "Canadian op"]
[Site "Edmonton"]
[Date "2005.07.12"]
[Round "5"]
[White "O'Brien, Sandy"]
[Black "Sullivan, Brian"]
[Result "1-0"]
[WhiteElo "1392"]
[BlackElo "1674"]
[PlyCount "89"]
[EventDate "2005.07.09"]
[EventType "swiss"]
[EventRounds "10"]
[EventCountry "CAN"]
[SourceTitle "CBM 107 Extra"]
[Source "ChessBase"]
[SourceDate "2005.09.01"]
[SourceVersion "1"]
[SourceVersionDate "2005.09.01"]
[SourceQuality "1"]

1. e4 c5 2. Nf3 d6 3. Bb5+ Nc6 4. d4 Bd7 5. d5 Nb8 6. Bxd7+ Nxd7 7. c4 Ngf6 8. Nc3 g6 9. 0-0 Bg7 10. Re1 0-0 11. Bg5 h6 12. Be3 Ng4 13. Qd2 Nxe3 14. Qxe3 Kh7 15. Rab1 Qa5 16. a3 a6 17. Na2 Qc7 18. Rec1 Ne5 19. Nxe5 Bxe5 20. b4 Bd4 21. Qd2 f5 22. bxc5 Bxc5 23. Nc3 Bxa3 24. Rc2 Rac8 25. exf5 gxf5 26. Ne2 e6 27. Qc3 e5 28. Qxa3 Rf6 29. Qb4 Qg7 30. Qxb7 Rc7 31. Qxa6 f4 32. Rb6 Ra7 33. Qb5 Rg6 34. g3 f3 35. Nc3 e4 36. Nb1 Qe7 37. Rb2 Rg7 38. Qc6 e3 39. Kf1 e2+ 40. Ke1 Qg5 41. Rd2 Ra2 42. Qxd6 h5 43. Qf6 Qxf6 44. Rxf6 Rb7 45. Rxf3 1-0

[Event "Canadian op"]
[Site "Edmonton"]
[Date "2005.07.10"]
[Round "3"]
[White "Taylor, Matthew"]
[Black "O'Brien, Sandy"]
[Result "0-1"]
[WhiteElo "999"]
[BlackElo "1392"]
[PlyCount "94"]
[EventDate "2005.07.09"]
[EventType "swiss"]
[EventRounds "10"]
[EventCountry "CAN"]
[SourceTitle "CBM 107 Extra"]
[Source "ChessBase"]
[SourceDate "2005.09.01"]
[SourceVersion "1"]
[SourceVersionDate "2005.09.01"]
[SourceQuality "1"]

1. e4 e5 2. Nf3 Nc6 3. Bc4 Nf6 4. d3 d5 5. Bxd5 Nxd5 6. Na3 Nf6 7. Bd2 Bxa3 8. bxa3 0-0 9. c4 Bg4 10. a4 Nd4 11. Qb1 b6 12. Nxe5 Bd7 13. Qd1 Re8 14. Bf4 Nc6 15. Nf3 Bg4 16. Qb3 Bxf3 17. gxf3 Nd4 18. Qd1 Nh5 19. Bg3 Nxg3 20. fxg3 f5 21. h4 fxe4 22. dxe4 Nc6 23. 0-0 Qxd1 24. Rfxd1 Rad8 25. Re1 Rd3 26. Rac1 Rxf3 27. Kg2 Ra3 28. Rc3 Rxc3 29. g4 Rxc4 30. Re2 Rxa4 31. h5 Rexe4 32. Rf2 Rxg4+ 33. Kf1 Rh4 34. a3 Rxa3 35. Ke2 Ra2+ 36. Kf3 Rxf2+ 37. Kxf2 a5 38. Ke2 Rc4 39. Kd3 Rc5 40. Kd2 a4 41. Ke3 a3 42. Kf4 a2 43. Ke4 a1Q 44. Kf3 Rc4 45. Kf2 Qa3 46. h6 Rc2+ 47. Ke1 Qa1# 0-1

[Event "University of Alberta op"]
[Site "Edmonton"]
[Date "2005.05.07"]
[Round "1"]
[White "Mackinnon, Donald"]
[Black "O'Brien, Sandy"]
[Result "0-1"]
[WhiteElo "1276"]
[BlackElo "1559"]
[PlyCount "68"]
[EventDate "2005.05.07"]
[EventType "swiss"]
[EventRounds "5"]
[EventCountry "CAN"]
[SourceTitle "CBM 106 Extra"]
[Source "ChessBase"]
[SourceDate "2005.07.01"]
[SourceVersion "1"]
[SourceVersionDate "2005.07.01"]
[SourceQuality "1"]

1. d4 Nf6 2. c4 e6 3. Nf3 d5 4. Nc3 Bb4 5. Bd2 Bxc3 6. Bxc3 0-0 7. e3 Nbd7 8. Bd3 c6 9. 0-0 Qc7 10. c5 Re8 11. b4 b5 12. Re1 Nf8 13. a3 Ne4 14. Qc2 Nxc3 15. Qxc3 Bb7 16. Qc2 a5 17. Ng5 g6 18. Qb2 axb4 19. axb4 Nd7 20. Nf3 Rac8 21. Ne5 Nxe5 22. dxe5 Ra8 23. f4 Qd7 24. Rf1 Red8 25. Rad1 d4 26. e4 Ra4 27. Rf3 Rda8 28. Rff1 f5 29. Rfe1 Ra2 30. Qc1 R8a4 31. Re2 Rxe2 32. Bxe2 Rxb4 33. Rd3 fxe4 34. Qd2 Rb1+ 0-1